00740nam a22002057a 4500003000500000008004100005040000800046041001300054082001300067100004300080245002600123250002700149260005200176300003100228336002700259337003300286338002900319505015900348650002700507BPGM260618e1996 mx abc|g |||| 001 0 spa d bspa aspahspa042900a030 aBOLAÑOS ROJAS, CONCEPCION J.eAUTOR  aMUNICIPIO DE AMEALCO  aPRIMERA EDICION b1996 aMEXICO bGOBIERNO DEL ESTADO DE QUERETAROc1996 a75 paginas c21 cm x 14 cm 2rdacontentatextobtxt 2rdamediaasin mediaciónbn 2rdacarrieravolumen bnc aofrece un panorama integral sobre la evolución del municipio de Amealco de Bonfil, desde sus raíces indígenas otomíes hasta su desarrollo moderno. 2GEOGRAFÍA E HISTORIA